[Event "Taylor (SEMO/5/11)"]
[Site "?"]
[Date "1986.??.??"]
[Round "?"]
[White "Conley, Steve"]
[Black "Stefanski, Mark"]
[Result "0-1"]
[WhiteElo "1810"]
[BlackElo "1845"]
[PlyCount "81"]
[EventDate "1986.??.??"]

{5/(11)} 1. e4 e5 2. Nf3 Nc6 3. Bb5 a6 4. Ba4 d6 5. d4 Bd7 6. dxe5 dxe5 7. O-O
f6 8. h3 Bc5 9. Nc3 g5 10. Qd5 Qe7 11. Rd1 O-O-O 12. Bxc6 Bxc6 13. Qxd8+ Qxd8
14. Rxd8+ Kxd8 15. Nd5 Bxd5 16. exd5 Ne7 17. c4 h5 18. Nd2 Nf5 19. Ne4 Be7 20.
Bd2 Rg8 21. g3 Nd4 22. Kg2 f5 23. Nc3 e4 24. Rd1 Nf3 25. Ne2 Bc5 26. Bc3 Kd7
27. b4 Bf8 28. c5 Bg7 29. Bxg7 Rxg7 30. d6 Rg6 31. dxc7+ Kxc7 32. Nc3 Kc6 33.
a4 Rf6 34. Nd5 Rf7 35. Ne3 f4 36. Rd6+ Kc7 37. Nd5+ Kc8 38. gxf4 gxf4 39. c6
Rg7+ 40. Kf1 Rg1+ 41. Ke2 0-1

[Event "Monroe (MI Op/7/21)"]
[Site "?"]
[Date "1986.??.??"]
[Round "?"]
[White "Conley, Steve"]
[Black "Raftshol, W.."]
[Result "0-1"]
[WhiteElo "1845"]
[BlackElo "1710"]
[PlyCount "118"]
[EventDate "1986.??.??"]

{7/(21)} 1. d4 e6 2. c4 Nf6 3. Nc3 c5 4. d5 exd5 5. cxd5 d6 6. e4 g6 7. f4 Bg7
8. Nf3 O-O 9. Be2 a6 10. O-O Re8 11. Qc2 b5 12. e5 dxe5 13. fxe5 Ng4 14. e6
fxe6 15. dxe6 Bxe6 16. h3 Nf6 17. Bg5 Bf5 18. Qd1 Nc6 19. Qxd8 Raxd8 20. Nh2
Nd4 21. Bd1 Rd6 22. Bh4 Bd3 23. Re1 Rxe1+ 24. Bxe1 b4 25. Na4 Re6 26. Nxc5
Rxe1+ 27. Kf2 Rxd1 28. Rxd1 Ne4+ 29. Nxe4 Bxe4 30. Nf3 Nxf3 31. gxf3 Bc6 32.
Rd2 Kf7 33. b3 Bc3 34. Rd6 Bb5 35. Rd8 Ke7 36. Rd1 Ke6 37. Rd8 Kf5 38. Rf8+ Kg5
39. Rf7 h5 40. Rc7 Bd4+ 41. Kg2 Kf4 42. Rf7+ Ke3 43. Re7+ Kd2 44. Re6 Bd3 45.
Rd6 Bc3 46. Kh1 Kc2 47. Kg2 Kd2 48. Kf2 Be5 49. Rd5 Bf4 50. Kg2 Be3 51. h4 Kc3
52. Rd6 Bb1 53. Rxa6 Kb2 54. Kg3 Bxa2 55. Rxg6 Bxb3 56. f4 Bd1 57. Re6 Bd4 58.
Rd6 Kc3 59. f5 Be5+ 0-1

[Event "Monroe (MI Op/3/28)"]
[Site "?"]
[Date "1986.??.??"]
[Round "?"]
[White "Conley, Steve"]
[Black "Owens, James"]
[Result "0-1"]
[WhiteElo "1845"]
[BlackElo "1940"]
[PlyCount "64"]
[EventDate "1986.??.??"]

{3/(28)} 1. e4 c5 2. Nf3 d6 3. d4 cxd4 4. Nxd4 Nf6 5. Nc3 a6 6. Be2 b5 7. a3
Bb7 8. f3 e6 9. Be3 Nbd7 10. O-O Be7 11. Qd2 Qc7 12. Rad1 Rd8 13. Bxb5 axb5 14.
Ndxb5 Qb8 15. Nxd6+ Kf8 16. Nxb7 Qxb7 17. Qc1 Rc8 18. Ne2 Bc5 19. Bxc5+ Rxc5
20. b4 Rc4 21. Rd2 Ke7 22. Rfd1 Ra8 23. Kh1 Qa7 24. Rd3 Ne5 25. Rb3 Rac8 26.
Rd2 Nfd7 27. h3 Nb6 28. Nd4 Qa4 29. Rb1 Rc3 30. Rb3 Rxb3 31. Nxb3 Qxb3 32. f4
Ned7 0-1

[Event "Monroe (RVO/4/16)"]
[Site "?"]
[Date "1986.??.??"]
[Round "?"]
[White "Conley, Steve"]
[Black "McKinney, T.."]
[Result "1-0"]
[WhiteElo "1845"]
[BlackElo "1900"]
[PlyCount "87"]
[EventDate "1986.??.??"]

{4/(16)} 1. d4 Nf6 2. c4 e6 3. Nc3 Bb4 4. Qc2 d5 5. Bg5 c6 6. Nf3 Nbd7 7. e3
O-O 8. Bd3 h6 9. Bh4 dxc4 10. Bxc4 b5 11. Bd3 Bb7 12. O-O Qc7 13. Nxb5 Qb6 14.
Nc3 Rac8 15. a3 Bd6 16. e4 Bb8 17. Na4 Qc7 18. b4 Nh5 19. e5 f5 20. Bc4 Rce8
21. Qb3 Kf7 22. Qc2 g6 23. h3 Rg8 24. Bg3 Nb6 25. Nc5 Nxc4 26. Qxc4 Bc8 27.
Rac1 Bd7 28. Nxd7 Qxd7 29. Qxc6 Qxc6 30. Rxc6 Rc8 31. Rfc1 Rxc6 32. Rxc6 Nxg3
33. fxg3 Rd8 34. Kf2 Rd7 35. Ke3 Bc7 36. a4 Bb6 37. a5 Bd8 38. Kd3 Be7 39. Kc4
Rb7 40. b5 Bd8 41. Kb4 Rd7 42. Rc4 g5 43. Nd2 h5 44. Nb3 1-0

[Event "Monroe (MI Op/6/21)"]
[Site "?"]
[Date "1986.??.??"]
[Round "?"]
[White "Conley, Steve"]
[Black "McKinney, T.."]
[Result "0-1"]
[WhiteElo "1845"]
[BlackElo "1900"]
[PlyCount "134"]
[EventDate "1986.??.??"]

{6/(21)} 1. d4 Nf6 2. c4 e6 3. Nc3 Bb4 4. Bd2 O-O 5. Nf3 d5 6. e3 Nbd7 7. a3
Be7 8. cxd5 exd5 9. Bd3 Re8 10. O-O c6 11. Rc1 Bd6 12. Re1 Ne4 13. Qc2 Ndf6 14.
h3 Qe7 15. Bxe4 Nxe4 16. Nxe4 dxe4 17. Nh2 Qg5 18. f4 exf3 19. Nxf3 Qg3 20. Rf1
Bxh3 21. Be1 Qg4 22. Kh1 Qf5 23. gxh3 Qxh3+ 24. Kg1 Rxe3 25. Qg2 Qd7 26. Ng5 f6
27. Ne4 Kh8 28. Bh4 Bf8 29. Rf4 Re8 30. Rcf1 h6 31. Qg6 Rh3 32. Nxf6 gxf6 33.
Bxf6+ Bg7 34. Bxg7+ Qxg7 35. Qxg7+ Kxg7 36. Rf7+ Kh8 37. Kg2 Rb3 38. R1f2 Rg8+
39. Kf1 Rg7 40. R7f6 Kh7 41. Rh2 Rg6 42. Rf7+ Kg8 43. Rd7 Rf3+ 44. Ke2 Rf7 45.
Rd8+ Kg7 46. Kd3 b5 47. Kc3 a5 48. d5 cxd5 49. Rxd5 Rg5 50. Rd3 h5 51. b4 Rc7+
52. Kb2 axb4 53. axb4 Rf7 54. Kc3 Kg6 55. Rh4 Rg4 56. Rxg4+ hxg4 57. Rd4 Kg5
58. Kd2 Rf5 59. Ke2 Kh4 60. Re4 Kh3 61. Ke3 g3 62. Re8 Kh2 63. Rh8+ Kg1 64. Rg8
g2 65. Ke4 Rf2 66. Kd4 Kf1 67. Kd5 g1=Q 0-1

[Event "Taylor (SEMO/3/8)"]
[Site "?"]
[Date "1986.??.??"]
[Round "?"]
[White "Conley, Steve"]
[Black "Kulbacki, James"]
[Result "0-1"]
[WhiteElo "1810"]
[BlackElo "2090"]
[PlyCount "32"]
[EventDate "1986.??.??"]

{3/(8)} 1. e4 e6 2. d4 d5 3. Nc3 Nf6 4. Bg5 Be7 5. e5 Ne4 6. Bxe7 Nxc3 7. Qg4
Qxe7 8. Qxg7 Qb4 9. Qxh8+ Kd7 10. a3 Qxb2 11. Rd1 Nxd1 12. Kxd1 Qb1+ 13. Ke2
Qxc2+ 14. Ke3 Qc1+ 15. Ke2 Nc6 16. Nf3 b6 0-1

[Event "Monroe (RVO/3/15)"]
[Site "?"]
[Date "1986.??.??"]
[Round "?"]
[White "Conley, Steve"]
[Black "Kitts, Gary"]
[Result "0-1"]
[WhiteElo "1845"]
[BlackElo "2145"]
[PlyCount "112"]
[EventDate "1986.??.??"]

{3/(15)} 1. d4 Nf6 2. c4 g6 3. Nc3 d5 4. cxd5 Nxd5 5. e4 Nxc3 6. bxc3 c5 7. f4
Bg7 8. e5 cxd4 9. cxd4 e6 10. Nf3 O-O 11. Be2 Nc6 12. O-O Qd5 13. Be3 Rd8 14.
a3 b6 15. Rc1 Bb7 16. Bc4 Qd7 17. Rf2 Na5 18. Ba2 Rac8 19. Rfc2 Bd5 20. Bxd5
exd5 21. Nd2 Bf8 22. Rc3 Rxc3 23. Rxc3 Rc8 24. Qc2 Rxc3 25. Qxc3 Qc6 26. Qxc6
Nxc6 27. Nb1 Kg7 28. g4 h6 29. h4 Be7 30. Bf2 Kf8 31. Kg2 Ke8 32. Kf3 Kd7 33.
f5 Na5 34. f6 Bf8 35. Be3 h5 36. gxh5 gxh5 37. Bc1 Nb3 38. Bb2 Kc6 39. Ke3 Na5
40. Kd3 Nc4 41. Bc1 b5 42. Kc3 a5 43. Kb3 Kd7 44. Nc3 Kc6 45. Ne2 a4+ 46. Ka2
b4 47. Ng3 b3+ 48. Kb1 Nxa3+ 49. Bxa3 Bxa3 50. Nxh5 Bb4 51. Ng7 a3 52. e6 Bc3
53. Kc1 a2 54. Kd1 a1=Q+ 55. Ke2 Qe1+ 56. Kf3 Qe4+ 0-1

[Event "Taylor (SEMO/1/13)"]
[Site "?"]
[Date "1986.??.??"]
[Round "?"]
[White "Conley, Steve"]
[Black "Crooks, J.."]
[Result "0-1"]
[WhiteElo "1810"]
[BlackElo "1970"]
[PlyCount "62"]
[EventDate "1986.??.??"]

{1/(13)} 1. e4 e5 2. Nf3 Nc6 3. Bb5 a6 4. Ba4 Nf6 5. O-O Be7 6. Re1 O-O 7. Bxc6
dxc6 8. Nxe5 Re8 9. Nf3 Bg4 10. d3 Qd7 11. Bg5 h6 12. Bh4 g5 13. Bg3 Nh5 14. h3
Bc5 15. hxg4 Nxg3 16. d4 Rad8 17. fxg3 Qxg4 18. Qe2 Ba7 19. c3 Qxg3 20. Nbd2 g4
21. Nh2 h5 22. Qe3 Qh4 23. Qf4 Rxd4 24. cxd4 Bxd4+ 25. Kh1 Be5 26. Ndf3 Qxe1+
27. Rxe1 Bxf4 28. Nh4 Bg3 29. Rd1 Bxh4 30. Rd4 f5 31. Kg1 Rxe4 0-1

[Event "Warren (MCO/2/54)"]
[Site "?"]
[Date "1986.??.??"]
[Round "?"]
[White "Collins, Charles"]
[Black "Watkins, David"]
[Result "0-1"]
[WhiteElo "1605"]
[BlackElo "1605"]
[PlyCount "76"]
[EventDate "1986.??.??"]

{2/(54)} 1. Nf3 Nf6 2. g3 d5 3. Bg2 Nc6 4. d3 h6 5. Nbd2 e5 6. e4 d4 7. O-O Be7
8. Nc4 Bg4 9. h3 Bxf3 10. Bxf3 Qd7 11. a4 Qxh3 12. Bg2 Qh5 13. Qxh5 Nxh5 14.
Kh2 O-O-O 15. f4 exf4 16. gxf4 Nb4 17. Rf2 Bh4 18. Bh3+ Kb8 19. Rg2 Nxc2 20.
Rxc2 Bg3+ 21. Kg2 Bxf4 22. b4 Rhg8 23. b5 Bxc1 24. Raxc1 Nf4+ 25. Kg3 Nxd3 26.
Rd1 Nc5 27. a5 Nxe4+ 28. Kf4 d3 29. Ra2 Rd4 30. Nb2 Nc3+ 31. Ke3 Rh4 32. Bf1
Nxa2 33. Rxd3 Re8+ 34. Kf3 a6 35. bxa6 Nb4 36. Rb3 Nxa6 37. Rb5 Rb4 38. Rxb4
Nxb4 0-1

[Event "Warren (MCO/4/49)"]
[Site "?"]
[Date "1986.??.??"]
[Round "?"]
[White "Collins, Charles"]
[Black "Koscierzynski, J.."]
[Result "0-1"]
[WhiteElo "1605"]
[BlackElo "1605"]
[PlyCount "178"]
[EventDate "1986.??.??"]

{4/(49)} 1. Nf3 d5 2. g3 e6 3. Bg2 Bd7 4. d3 Bd6 5. Nbd2 Nf6 6. O-O Nc6 7. e4
d4 8. Nc4 Bc5 9. a4 e5 10. Nfxe5 Nxe5 11. Nxe5 Be6 12. f4 g6 13. g4 Bd6 14. g5
Nh5 15. Qf3 Bxe5 16. f5 gxf5 17. exf5 Bd7 18. Qxh5 c6 19. g6 Qe7 20. gxf7+ Qxf7
21. Qxf7+ Kxf7 22. Bg5 Rhg8 23. Rae1 Rae8 24. Bh4 c5 25. Kh1 Rg4 26. Bd5+ Kf8
27. Bg3 Bxg3 28. Rxe8+ Kxe8 29. hxg3 Rxg3 30. b3 b6 31. Kh2 Rg5 32. Be4 Kf7 33.
Kh3 Kf6 34. Rf4 Bxf5+ 35. Bxf5 Rxf5 36. Rh4 h5 37. Kg3 Kg6 38. Re4 Kf6 39. Re2
Rf1 40. Rh2 Kg5 41. Kg2 Rf4 42. Kh3 Rg4 43. Rf2 h4 44. Rf3 Rg1 45. Rf2 Rg3+ 46.
Kh2 Kg4 47. Rf7 Re3 48. Rg7+ Kh5 49. Rh7+ Kg4 50. Rg7+ Kf3 51. Kh3 Ke2+ 52.
Kxh4 Kd2 53. Rxa7 Kxc2 54. Rb7 Kxb3 55. a5 Re8 56. Rxb6+ Kc3 57. Rb5 c4 58.
dxc4 Kxc4 59. Rb1 d3 60. Ra1 Kc3 61. a6 d2 62. a7 Ra8 63. Kg3 Rxa7 64. Rxa7
d1=Q 65. Ra3+ Kb4 66. Rf3 Qg1+ 67. Kf4 Kc4 68. Re3 Kd5 69. Re5+ Kd6 70. Re3 Qc1
71. Ke4 Kc5 72. Rd3 Qc2 73. Ke3 Kc4 74. Rd4+ Kc3 75. Rf4 Qd3+ 76. Kf2 Kd2 77.
Rf3 Qe2+ 78. Kg3 Qe5+ 79. Kg4 Ke2 80. Rf5 Qe4+ 81. Kg5 Ke3 82. Kf6 Qd4+ 83. Ke6
Ke4 84. Rf7 Qe5+ 85. Kd7 Kd5 86. Re7 Qd6+ 87. Ke8 Qg6+ 88. Kd7 Qc6+ 89. Kd8 Kd6
0-1

[Event "Warren (MCO/6/50)"]
[Site "?"]
[Date "1986.??.??"]
[Round "?"]
[White "Collins, Charles"]
[Black "Frantom, M.."]
[Result "0-1"]
[WhiteElo "1605"]
[BlackElo "1605"]
[PlyCount "26"]
[EventDate "1986.??.??"]

{6/(50)} 1. Nf3 e6 2. g3 d5 3. d3 Nf6 4. Nbd2 Bc5 5. Bg2 Nc6 6. O-O O-O 7. e4
Re8 8. c3 dxe4 9. dxe4 Ng4 10. Nd4 Nge5 11. f4 Nxd4 12. cxd4 Qxd4+ 13. Kh1 Nd3
0-1

[Event "Taylor (SEMO/3/3)"]
[Site "?"]
[Date "1986.??.??"]
[Round "?"]
[White "Coleman, John"]
[Black "Polk, R.."]
[Result "1/2-1/2"]
[WhiteElo "1835"]
[BlackElo "2140"]
[PlyCount "71"]
[EventDate "1986.??.??"]

{3/(3)} 1. d4 d5 2. c4 c6 3. cxd5 cxd5 4. Nc3 Nf6 5. Nf3 e6 6. Bf4 Nc6 7. e3
Qa5 8. Nd2 a6 9. Be2 b5 10. O-O Be7 11. Nb3 Qb6 12. Rc1 Bd7 13. Nc5 O-O 14. Nb1
Rfc8 15. Nd2 Be8 16. a3 Na5 17. b4 Nc4 18. Rc3 a5 19. Qc2 axb4 20. axb4 Nxd2
21. Qxd2 Ne4 22. Nxe4 dxe4 23. Rxc8 Rxc8 24. h3 Qc6 25. Rb1 Qc2 26. Qxc2 Rxc2
27. Bf1 Kf8 28. Bb8 Ra2 29. Bc7 Ra4 30. Ba5 Bd6 31. Be2 Bd7 32. Bd1 Ra3 33. Kf1
f5 34. Bb6 Ke7 35. Bc5 g5 36. Rc1 1/2-1/2

[Event "Warren (MCO/4/21)"]
[Site "?"]
[Date "1986.??.??"]
[Round "?"]
[White "Coleman, John"]
[Black "Petty, M.."]
[Result "0-1"]
[WhiteElo "1915"]
[BlackElo "1730"]
[PlyCount "66"]
[EventDate "1986.??.??"]

{4/(21)} 1. Nf3 d6 2. d4 g6 3. c4 Nf6 4. Nc3 Bg7 5. e4 O-O 6. Bg5 Nc6 7. d5 Nb4
8. Qd2 Re8 9. a3 Na6 10. Rb1 Nc5 11. Qc2 Nfxe4 12. Nxe4 Nxe4 13. Be3 Nf6 14.
Bd3 e6 15. dxe6 Bxe6 16. O-O d5 17. Rfd1 c6 18. h3 Qc7 19. Bd4 dxc4 20. Bxc4
Bxc4 21. Qxc4 Qf4 22. Qb3 b6 23. Be3 Qc7 24. Rbc1 Rad8 25. Nd4 c5 26. Nb5 Qb8
27. Qa4 Nd5 28. Bg5 Bxb2 29. Bxd8 Bxc1 30. Bh4 Nf4 31. Rxc1 Ne2+ 32. Kf1 Qh2
33. f3 Qg1# 0-1

[Event "Taylor (SEMO/4/5)"]
[Site "?"]
[Date "1986.??.??"]
[Round "?"]
[White "Coleman, John"]
[Black "Linn, Peter"]
[Result "1/2-1/2"]
[WhiteElo "1835"]
[BlackElo "2160"]
[PlyCount "76"]
[EventDate "1986.??.??"]

{4/(5)} 1. d4 Nf6 2. c4 g6 3. Nc3 d5 4. cxd5 Nxd5 5. Qb3 Nb6 6. Nf3 Bg7 7. Bf4
O-O 8. e4 Nc6 9. d5 e5 10. Bg3 Nd4 11. Nxd4 exd4 12. Nb5 Re8 13. Bd3 Nxd5 14.
O-O a6 15. exd5 axb5 16. Bxb5 Bd7 17. Bc4 b5 18. Bd3 c5 19. dxc6 Bxc6 20. Bxb5
Bxb5 21. Qxb5 d3 22. Rfd1 d2 23. Qb4 Bh6 24. a4 Qd5 25. f3 Be3+ 26. Bf2 Rab8
27. Qc3 Rbc8 28. Qb4 Rb8 29. Qc3 Rbc8 30. Qb4 Rc1 31. Bxe3 Rxa1 32. Rxa1 d1=Q+
33. Rxd1 Qxd1+ 34. Kf2 Qc2+ 35. Bd2 Rd8 36. Ke1 Re8+ 37. Kf2 Rd8 38. Ke1 Re8+
1/2-1/2

[Event "Taylor (SEMO/1/11)"]
[Site "?"]
[Date "1986.??.??"]
[Round "?"]
[White "Coleman, John"]
[Black "Lewis, Derrick"]
[Result "1-0"]
[WhiteElo "1835"]
[BlackElo "1980"]
[PlyCount "81"]
[EventDate "1986.??.??"]

{1/(11)} 1. d4 Nf6 2. c4 e6 3. Nc3 c5 4. d5 d6 5. e4 exd5 6. cxd5 g6 7. Bg5 Bg7
8. Be2 Qa5 9. Qd2 Bd7 10. Nf3 a6 11. O-O O-O 12. Qf4 Nh5 13. Qxd6 Re8 14. Nd2
Bf8 15. Nc4 Bxd6 16. Nxa5 b5 17. Bxh5 gxh5 18. f3 c4 19. Be3 f5 20. Bd4 Bc7 21.
Nb7 Bc8 22. Nc5 Bd6 23. b4 cxb3 24. axb3 Bxc5 25. Bxc5 Nd7 26. Bd4 Bb7 27. Rfe1
fxe4 28. fxe4 Ne5 29. Re3 b4 30. Na4 Ng4 31. Ree1 Rad8 32. Nb6 Ne5 33. Rad1 h4
34. Rf1 Ng6 35. Rde1 a5 36. Re3 Ba6 37. Rfe1 Ne5 38. Rc1 Nd3 39. Rc7 Rf8 40.
Rg7+ Kh8 41. Rg5+ 1-0

[Event "Warren (MCO/3/23)"]
[Site "?"]
[Date "1986.??.??"]
[Round "?"]
[White "Coleman, John"]
[Black "Griffin, John"]
[Result "1-0"]
[WhiteElo "1915"]
[BlackElo "1635"]
[PlyCount "103"]
[EventDate "1986.??.??"]

{3/(23)} 1. d4 d5 2. c4 e6 3. Nc3 Nf6 4. Bg5 Be7 5. e3 b6 6. Bxf6 Bxf6 7. cxd5
exd5 8. Qf3 c6 9. Bd3 O-O 10. Nge2 g6 11. O-O Bg7 12. Rfc1 Qf6 13. Nxd5 Qxf3
14. Ne7+ Kh8 15. gxf3 Re8 16. Nxc6 Ba6 17. Bxa6 Nxa6 18. Rc3 Rec8 19. Rac1 Rc7
20. b4 Bf8 21. a3 Bd6 22. b5 Nb8 23. Nxb8 Rxc3 24. Rxc3 Rxb8 25. a4 Rb7 26. Rc6
Rd7 27. Nc3 Kg7 28. h3 Kf8 29. Ne4 Be7 30. Rc8+ Kg7 31. Nd2 f6 32. Nb3 Bd6 33.
e4 Rc7 34. Rxc7+ Bxc7 35. d5 Kf7 36. Nd4 Ke7 37. Nc6+ Kd6 38. Nxa7 Kc5 39. Nc6
Kc4 40. Kf1 Kb3 41. Ke2 Kxa4 42. Nd4 Kb4 43. Ke3 Bd6 44. f4 Kc4 45. Nc6 Kxb5
46. e5 fxe5 47. fxe5 Bc5+ 48. Ke2 Ka6 49. d6 Kb7 50. d7 Be7 51. Nxe7 Kc7 52. e6
1-0

[Event "Warren (MCO/6/22)"]
[Site "?"]
[Date "1986.??.??"]
[Round "?"]
[White "Coleman, John"]
[Black "Blake, J.."]
[Result "1-0"]
[WhiteElo "1915"]
[BlackElo "1645"]
[PlyCount "101"]
[EventDate "1986.??.??"]

{6/(22)} 1. d4 d5 2. c4 c6 3. cxd5 cxd5 4. Nc3 f5 5. Nf3 e6 6. Bf4 a6 7. e3 Be7
8. Rc1 Nc6 9. Ne5 Nxe5 10. Bxe5 Nf6 11. Be2 O-O 12. O-O Nd7 13. a3 Nxe5 14.
dxe5 Bd7 15. b4 b5 16. Qd4 g5 17. Rfd1 Be8 18. f4 g4 19. Nb1 Bg6 20. Nd2 Qd7
21. Nb3 Qa7 22. Qxa7 Rxa7 23. Rc2 Raa8 24. Rdc1 Rfe8 25. Kf2 Kf8 26. Nd4 Bf7
27. Rc6 Reb8 28. Nxe6+ Bxe6 29. Rxe6 a5 30. Rc7 Bd8 31. Rxh7 axb4 32. axb4 Ra4
33. Rh8+ Kf7 34. Ree8 Bh4+ 35. Rxh4 Rxe8 36. Bxb5 Rxb4 37. Bxe8+ Kxe8 38. Rh5
d4 39. exd4 Rxd4 40. Rxf5 Ke7 41. Ke3 Rd1 42. Rg5 Rh1 43. Rxg4 Rxh2 44. f5 Rh1
45. Rg7+ Kf8 46. f6 Ra1 47. Kf4 Rb1 48. g4 Rf1+ 49. Kg5 Re1 50. Kf5 Ra1 51. Rd7
1-0

[Event "Monroe (MI Op/7/14)"]
[Site "?"]
[Date "1986.??.??"]
[Round "?"]
[White "Clark, K.."]
[Black "Smith, Walt"]
[Result "0-1"]
[WhiteElo "1930"]
[BlackElo "2080"]
[PlyCount "25"]
[EventDate "1986.??.??"]

{7/(14)} 1. b3 e5 2. Bb2 d6 3. e4 Nf6 4. d3 Be7 5. g3 h5 6. h3 Be6 7. Nc3 Nc6
8. Bg2 Qd7 9. Nce2 g5 10. Qd2 g4 11. h4 Bf8 12. c4 Bh6 13. Qc2 {[Remainder
illegible; 0-1, 28?]} 0-1

[Event "Monroe (MI Op/5/24)"]
[Site "?"]
[Date "1986.??.??"]
[Round "?"]
[White "Clark, K.."]
[Black "Raftshol, W.."]
[Result "1-0"]
[WhiteElo "1930"]
[BlackElo "1710"]
[PlyCount "71"]
[EventDate "1986.??.??"]

{5/(24)} 1. d4 Nf6 2. Nf3 g6 3. c4 Bg7 4. Nc3 d6 5. e4 c6 6. Be2 O-O 7. O-O Qa5
8. h3 Bd7 9. Be3 b5 10. cxb5 cxb5 11. a3 b4 12. axb4 Qxb4 13. Qd2 Rd8 14. Ne1
Nc6 15. Nc2 Qb8 16. d5 Nb4 17. Nd4 a5 18. Rfc1 Rc8 19. f3 e5 20. Nc2 Nh5 21.
Ra3 f5 22. Rca1 f4 23. Bf2 Ng3 24. Rxa5 Rxa5 25. Rxa5 Nxc2 26. Qxc2 Rc7 27. Bd3
Rb7 28. Ra2 Qc8 29. Ba6 Qb8 30. Bxb7 Qxb7 31. Ra7 Qc8 32. Qb3 Bf8 33. Qb7 Qc4
34. Bxg3 fxg3 35. Qxd7 Qc5+ 36. Kh1 1-0

[Event "Monroe (MI Op/4/21)"]
[Site "?"]
[Date "1986.??.??"]
[Round "?"]
[White "Clark, K.."]
[Black "Ifill, Don"]
[Result "0-1"]
[WhiteElo "1930"]
[BlackElo "1800"]
[PlyCount "66"]
[EventDate "1986.??.??"]

{4/(21)} 1. d4 g6 2. Nf3 Bg7 3. e4 d6 4. Be3 Nd7 5. c4 b6 6. Nc3 Bb7 7. Be2 e6
8. O-O Ne7 9. Qd2 h6 10. Rac1 Nf6 11. d5 Ng4 12. dxe6 fxe6 13. Nd4 Nxe3 14.
Qxe3 Bc8 15. f4 O-O 16. e5 c5 17. Nf3 Nf5 18. Qe4 Rb8 19. a4 Bb7 20. Qd3 Bxf3
21. Bxf3 Nh4 22. Qe3 dxe5 23. Rcd1 Qc7 24. Nb5 Qe7 25. fxe5 a6 26. Nc3 Qc7 27.
Be4 Qxe5 28. Qh3 g5 29. Rfe1 Qc7 30. Qd3 Rbd8 31. Qe2 Bd4+ 32. Kh1 Rf2 33. Bh7+
Kh8 0-1

[Event "Monroe (MI Op/2/14)"]
[Site "?"]
[Date "1986.??.??"]
[Round "?"]
[White "Clark, K.."]
[Black "Baudry, Pascal"]
[Result "0-1"]
[WhiteElo "1930"]
[BlackElo "2105"]
[PlyCount "76"]
[EventDate "1986.??.??"]

{2/(14)} 1. d4 Nf6 2. Nf3 c5 3. c4 cxd4 4. Nxd4 e5 5. Nf3 e4 6. Nd4 Nc6 7. Bg5
Bb4+ 8. Nc3 Qa5 9. Nxc6 Bxc3+ 10. bxc3 Qxg5 11. Nd4 e3 12. Nf3 exf2+ 13. Kxf2
Ne4+ 14. Ke1 Qe3 15. Qd4 Qxc3+ 16. Qxc3 Nxc3 17. Nd2 O-O 18. a4 Re8 19. Ra3 Ne4
20. Re3 d5 21. cxd5 Bf5 22. g4 Rac8 23. Nb3 Bxg4 24. Bh3 Bxh3 25. Rxh3 Rc3 26.
Rxc3 Nxc3 27. Kf2 Nxd5 28. Rd1 Nf6 29. Na5 Ne4+ 30. Kf3 Nc5 31. Rd5 b6 32. Nc6
a5 33. Nxa5 Nxa4 34. Nc4 Kf8 35. Rb5 Rxe2 36. Nxb6 Nc3 37. Rc5 Rxh2 38. Kg3
Ne4+ 0-1

[Event "Warren (MCO/2/58)"]
[Site "?"]
[Date "1986.??.??"]
[Round "?"]
[White "Chrisman, D.."]
[Black "Varner, M.."]
[Result "0-1"]
[WhiteElo "1605"]
[BlackElo "1605"]
[PlyCount "114"]
[EventDate "1986.??.??"]

{2/(58)} 1. d4 d5 2. c4 e6 3. Nf3 Nc6 4. g3 Nf6 5. Bg5 Be7 6. Bg2 dxc4 7. O-O
h6 8. Ne5 Nxe5 9. Bxf6 Bxf6 10. dxe5 Qxd1 11. Rxd1 Bxe5 12. Nc3 O-O 13. Rac1
Rb8 14. Nb5 a6 15. Na7 b5 16. Nc6 Bxb2 17. Nxb8 Bxc1 18. Rxc1 Rd8 19. Nc6 Rd7
20. Nb4 Rd2 21. Nc6 Kf8 22. Na7 Bd7 23. Bc6 Bxc6 24. Nxc6 Ke8 25. Nb4 a5 26.
Na6 Kd8 27. Nc5 Kc8 28. Rb1 b4 29. Ne4 Rxe2 30. a3 Rxe4 31. axb4 axb4 32. Rxb4
c5 33. Rb5 Re5 34. Rb1 Kc7 35. Kf1 g5 36. Re1 Kd6 37. f4 gxf4 38. gxf4 Rf5 39.
Rd1+ Rd5 40. Rxd5+ exd5 41. Ke2 d4 42. Kd2 c3+ 43. Kd3 c4+ 44. Kc2 f5 45. h4 h5
46. Kc1 d3 47. Kd1 Kd5 48. Ke1 c2 49. Kd2 Kd4 50. Kc1 Ke3 51. Kb2 Kd2 52. Ka2
c1=R 53. Ka3 Rb1 54. Ka2 Rb3 55. Ka1 Kc1 56. Ka2 Kc2 57. Ka1 Ra3# 0-1

[Event "Warren (MCO/3/61)"]
[Site "?"]
[Date "1986.??.??"]
[Round "?"]
[White "Chrisman, D.."]
[Black "Sturgis, Derreck"]
[Result "0-1"]
[WhiteElo "1605"]
[BlackElo "1605"]
[PlyCount "86"]
[EventDate "1986.??.??"]

{3/(61)} 1. d4 d5 2. c4 e6 3. Nc3 Nf6 4. Bg5 Be7 5. Nf3 Nbd7 6. e3 b6 7. Bd3
Bb7 8. O-O O-O 9. Nb5 a6 10. Nc3 c5 11. Bxf6 Nxf6 12. Ne5 cxd4 13. exd4 Rc8 14.
b3 Re8 15. Rb1 Bb4 16. Qc2 dxc4 17. Nxc4 Qxd4 18. Rbc1 b5 19. a3 bxc4 20. Rfd1
cxd3 21. Rxd3 Qg4 22. Rg3 Rxc3 23. Rxg4 Rxc2 24. Rxc2 Nxg4 25. axb4 Rd8 26. Kf1
Nxh2+ 27. Ke2 Rc8 28. Rxc8+ Bxc8 29. Ke3 Ng4+ 30. Kf3 Ne5+ 31. Ke3 Bb7 32. g3
Nc6 33. b5 axb5 34. b4 Nxb4 35. Kd4 Nc2+ 36. Kc5 b4 37. Kc4 Bd5+ 38. Kd3 b3 39.
Kd2 Na3 40. Kc1 Nc4 41. f4 b2+ 42. Kb1 Be4+ 43. Ka2 b1=Q# 0-1

[Event "Warren (MCO/5/59)"]
[Site "?"]
[Date "1986.??.??"]
[Round "?"]
[White "Chrisman, D.."]
[Black "Mistry, J.."]
[Result "1/2-1/2"]
[WhiteElo "1605"]
[BlackElo "1605"]
[PlyCount "111"]
[EventDate "1986.??.??"]

{5/(59)} 1. d4 d5 2. c4 e6 3. Nc3 Nf6 4. Bg5 Be7 5. Nf3 h6 6. Bxf6 Bxf6 7. e3
Nc6 8. Bd3 b6 9. Qa4 Bb7 10. Qc2 Nb4 11. Qd1 Nxd3+ 12. Qxd3 Bc6 13. O-O dxc4
14. Qxc4 Bxf3 15. gxf3 Bh4 16. Qc6+ Kf8 17. Rac1 g5 18. Nb5 Kg7 19. Qxc7 Qf6
20. f4 Qf5 21. Qe5+ f6 22. Qxf5 exf5 23. Rc7+ Kg6 24. Rxa7 Rxa7 25. Nxa7 Ra8
26. Nc6 Re8 27. Rc1 gxf4 28. exf4 Re4 29. Kg2 Rxf4 30. f3 Bg5 31. d5 Kf7 32. d6
Ke8 33. Ne7 Rd4 34. Rc8+ Kd7 35. Rc7+ Ke6 36. Nc8 Bf4 37. Re7+ Kd5 38. Nxb6+
Kc6 39. Nc4 Rxc4 40. Rc7+ Kd5 41. Rxc4 Kxc4 42. d7 Bc7 43. b3+ Kd5 44. a4 Kd6
45. Kh3 Kxd7 46. Kh4 Bxh2 47. Kh5 Bf4 48. Kg6 Kc6 49. Kxf5 Bd2 50. Kg6 Bg5 51.
b4 Kd5 52. a5 Kc6 53. a6 Kb6 54. b5 Ka7 55. Kh5 f5 56. Kg6 1/2-1/2

[Event "Midwest Masters op"]
[Site "Chicago"]
[Date "1986.??.??"]
[Round "3"]
[White "Chow, Albert"]
[Black "Finegold, Ben"]
[Result "1/2-1/2"]
[WhiteElo "2310"]
[BlackElo "2280"]
[PlyCount "29"]
[EventDate "1986.??.??"]

1. d4 Nf6 2. c4 e6 3. Nc3 d5 4. Nf3 Be7 5. Bg5 h6 6. Bxf6 Bxf6 7. e3 O-O 8. Qc2
Nc6 9. O-O-O b6 10. e4 dxe4 11. Qxe4 Bb7 12. Kb1 Qe7 13. Be2 Rfd8 14. Qe3 Na5
15. Ne4 1/2-1/2

[Event "Monroe (MI Op/6/23)"]
[Site "?"]
[Date "1986.??.??"]
[Round "?"]
[White "Chandler, P.."]
[Black "Turner, Darrell"]
[Result "0-1"]
[WhiteElo "1805"]
[BlackElo "1855"]
[PlyCount "78"]
[EventDate "1986.??.??"]

{6/(23)} 1. d4 Nf6 2. c4 c5 3. d5 d6 4. Nc3 g6 5. e4 Bg7 6. f4 O-O 7. Nf3 e6 8.
Bd3 exd5 9. cxd5 Na6 10. O-O Nc7 11. h3 b5 12. e5 dxe5 13. fxe5 Nfxd5 14. Nxb5
Nxb5 15. Bxb5 Be6 16. Bg5 Qb6 17. Bc4 Ne3 18. Bxe3 Bxc4 19. Rf2 Rac8 20. Rc2
Qa6 21. Qc1 Be2 22. Bxc5 Rfd8 23. Bd6 Qb6+ 24. Kh1 Rxc2 25. Qxc2 Bxf3 26. gxf3
Qe3 27. Qc3 Qf2 28. Bc5 Qg3 29. Re1 Qxh3+ 30. Kg1 Qg3+ 31. Kf1 Qh2 32. Bg1 Qd2
33. Bxa7 h5 34. Re2 Qd7 35. Bf2 Qh3+ 36. Kg1 Bh6 37. Be1 Bf4 38. Bd2 Bxd2 39.
Rxd2 Qg3+ $138 0-1

[Event "Monroe (MI Op/4/23)"]
[Site "?"]
[Date "1986.??.??"]
[Round "?"]
[White "Chandler, P.."]
[Black "Thurman, John"]
[Result "1-0"]
[WhiteElo "1865"]
[BlackElo "1845"]
[PlyCount "31"]
[EventDate "1986.??.??"]

{4/(23)} 1. d4 Nf6 2. c4 e6 3. Nc3 Bb4 4. Qc2 d5 5. a3 Bxc3+ 6. Qxc3 O-O 7. Bg5
dxc4 8. Qxc4 Qd5 9. Qxd5 Nxd5 10. e4 Nb6 11. Rc1 Nc6 12. Nf3 f6 13. Bf4 Rd8 14.
Bxc7 Rd7 15. Bxb6 axb6 16. Bb5 1-0

[Event "Monroe (MI Op/2/26)"]
[Site "?"]
[Date "1986.??.??"]
[Round "?"]
[White "Chandler, P.."]
[Black "Dautremont, J.."]
[Result "1-0"]
[WhiteElo "1805"]
[BlackElo "1605"]
[PlyCount "51"]
[EventDate "1986.??.??"]

{2/(26)} 1. d4 e6 2. c4 c5 3. e3 cxd4 4. exd4 d5 5. Nf3 Ne7 6. Bf4 Ng6 7. Bxb8
Rxb8 8. Qa4+ Bd7 9. Qb3 dxc4 10. Bxc4 Bd6 11. Nc3 O-O 12. O-O a6 13. a4 Qc7 14.
Ne4 b5 15. axb5 axb5 16. Bd3 Nf4 17. Ra6 Be7 18. Bc2 Bc6 19. g3 Bd5 20. Qe3
Qxc2 21. Nc3 Bxf3 22. gxf4 Bh5 23. d5 Qg6+ 24. Kh1 Bc5 25. Qh3 exd5 26. Rxg6
1-0